| 000 | 00383nam a22001337a 4500 | ||
|---|---|---|---|
| 020 | _a0-471-82636-7 | ||
| 082 | _a005.265 RUD'B | ||
| 100 |
_aRUDER, J. H , MILLSAP, C. V _965436 |
||
| 245 | _aBASIC FOR THE IBM PC | ||
| 260 |
_aNEWYORK _bJOHN WILEY _c1987 |
||
| 300 | _aXVII, 366P | ||
| 650 |
_aBASIC COMPUTERS PROGRAM LANGUAGE IBM PERSONAL COMPUTER PROGRAMMING _965437 |
||
| 942 | _cBK | ||
| 999 |
_c573646 _d573646 |
||